Geography Quiz

Random Geography or City Quiz

Renamed Cities Quiz Stats

 Plays Quiz Updated Jan 11, 2019

     
Support Sporcle.
Go Orange.
Score 0/20 Timer 05:00
10 Plays Today
Former Name Current Name % Correct
ConstantinopleIstanbul, Turkey
87.4%
LondiniumLondon, UK
83.6%
LeningradSaint Petersburg, Russia
77.5%
EdoTokyo, Japan
57.4%
SaigonHo Chi Minh City, Vietnam
56%
LutetiaParis, France
32.4%
DaccaDhaka, Bangladesh
26.8%
ChristianiaOslo, Norway
22.1%
MadrasChennai, India
21.2%
LeopoldvilleKinshasa, Dem Rep Congo
20.7%
Former Name Current Name % Correct
HanyangSeoul, South Korea
19.4%
BataviaJakarta, Indonesia
16.2%
SalisburyHarare, Zimbabwe
13%
Yerba BuenaSan Francisco, United States
8.7%
BytownOttawa, Canada
8.2%
Lourenço MarquesMaputo, Mozambique
7.1%
BearbrassMelbourne, Australia
6.3%
OeaTripoli, Libya
3.5%
DongraeBusan, South Korea
3.1%
Porto dos CasaisPorto Alegre, Brazil
2.7%

From the Vault

TV Comedy by Scene

by lupin

This quiz is like watching 25 shows at one time...only on pause.
Remove Ads.
Support Sporcle.
Get the best of Sporcle when you Go Orange. This ad-free experience offers more features, more stats, and more fun while also helping to support Sporcle. Thank you for becoming a member.

Show Comments

Extras

Top Quizzes Today


Score Distribution

Your Account Isn't Verified!

In order to create a playlist on Sporcle, you need to verify the email address you used during registration. Go to your Sporcle Settings to finish the process.

Report this User

Report this user for behavior that violates our Community Guidelines.

Details: